Sangguniang aklat ng gramatika at pagbuo ng mapa sa wika / Elsie T. Alvarado, PhD, Cheryl G. Hachero, PhD, Niña Christina L. Zamora, PhD. (Record no. 21360)

000 -LEADER
fixed length control field 00652nam a22001817a 4500
020 ## - INTERNATIONAL STANDARD BOOK NUMBER
ISBN 9789719655619
082 ## - DEWEY DECIMAL CLASSIFICATION NUMBER
Classification number 415
Item number Al472 2023
100 ## - MAIN ENTRY--AUTHOR NAME
Personal name Alvarado, Elsie T., author
245 ## - TITLE STATEMENT
Title Sangguniang aklat ng gramatika at pagbuo ng mapa sa wika / Elsie T. Alvarado, PhD, Cheryl G. Hachero, PhD, Niña Christina L. Zamora, PhD.
260 ## - PUBLICATION, DISTRIBUTION, ETC. (IMPRINT)
Place of publication Manila :
Name of publisher Mindshapers Co., Inc.,
Year of publication ©2023.
300 ## - PHYSICAL DESCRIPTION
Number of Pages viii, 179 pages :
Other physical details illustrations ; 26 cm
500 ## - GENERAL NOTE
General note Includes bibliographical references.
650 ## - SUBJECT ADDED ENTRY--TOPICAL TERM
Topical Term Grammar.
650 ## - SUBJECT ADDED ENTRY--TOPICAL TERM
Topical Term Filipino language – Grammar.
700 ## - ADDED ENTRY--PERSONAL NAME
Personal name Hachero, Cheryl G.
700 ## - ADDED ENTRY--PERSONAL NAME
Personal name Zamora, Niña Christina L.
942 ## - ADDED ENTRY ELEMENTS (KOHA)
Koha item type Books
Holdings
Source of acquisition Permanent Location Date acquired Koha item type Collection code Accession Number Lost status Shelving location Withdrawn status Current Location Full call number
SchoolCagayan State University - Carig Library2025-09-10BooksLanguages011201 General Collection Cagayan State University - Carig Library415 Al472 2023
SchoolCagayan State University - Carig Library2025-09-10BooksLanguages011202 General Collection Cagayan State University - Carig Library415 Al472 2023
SchoolCagayan State University - Carig Library2025-09-10BooksLanguages011203 General Collection Cagayan State University - Carig Library415 Al472 2023

Cagayan State University University Library, Carig Campus
Tuguegarao City, Cagayan 3500 | www.csucarig.edu.ph

Powered by Koha